| 000 | 00690nam a2200289Ia 4500 | ||
|---|---|---|---|
| 008 | 171120s9999 xx 000 0 und d | ||
| 020 | _a9.7881319132e+012 | ||
| 050 | _a551.21 | ||
| 050 | _bP376 2012 | ||
| 100 | _aPegasus. | ||
| 245 | _aNatural disasters : | ||
| 245 | _bvolcanoes / | ||
| 245 | _cby Pegasus. | ||
| 260 | _aNew Delhi : | ||
| 260 | _bPegasus, | ||
| 260 | _c2012 | ||
| 300 | _a31 pages : | ||
| 300 | _bcolor illustrations ; | ||
| 300 | _c28cm. | ||
| 440 | _aPegasus encyclopedia library. | ||
| 500 | _aIncludes index. | ||
| 650 | _aVolcanoes -- | ||
| 650 | _aVolcanoes. | ||
| 650 | _xJuvenile literature. | ||
| 700 | _aSeries. | ||
| 700 | _aTitle. | ||
| 999 |
_c345212 _d345212 |
||